Republican Presidents Quiz Stats

Quiz not verified by Sporcle

Challenge
Share
Tweet
Embed
Score 0/18 Timer 04:00
0 Plays Today
President % Correct
Ronald Reagan
97.2%
George H. W. Bush
97.2%
George W. Bush
97.2%
Theodore Roosevelt
94.4%
Richard Nixon
94.4%
Calvin Coolidge
91.7%
Gerald Ford
91.7%
Abraham Lincoln
88.9%
Dwight D. Eisenhower
88.9%
President % Correct
Ulysses S. Grant
86.1%
William Howard Taft
86.1%
Herbert Hoover
86.1%
Rutherford B. Hayes
83.3%
James A. Garfield
80.6%
Benjamin Harrison
80.6%
Warren G. Harding
80.6%
Chester A. Arthur
77.8%
William McKinley
77.8%

You're not logged in!

Compare scores with friends on all Sporcle quizzes.
Join for Free
OR
Log In

You Might Also Like...

Show Comments

Extras

Created Apr 9, 2012ReportNominate
Tags:US Presidents Quiz

Top Quizzes Today


Score Distribution

Your Account Isn't Verified!

In order to create a playlist on Sporcle, you need to verify the email address you used during registration. Go to your Sporcle Settings to finish the process.

Report this User

Report this user for behavior that violates our Community Guidelines.

Details: